| 000 | 01105naa a22002537a 4500 | ||
|---|---|---|---|
| 001 | BR0705168 | ||
| 003 | BR-BrBNA | ||
| 005 | 20240918181928.0 | ||
| 007 | ta | ||
| 008 | 230509b bl.||||| |||| 00| 0 por d | ||
| 040 |
_aBR-BrBNA _bpor _cBiblioteca Nacional de Agricultura |
||
| 041 | _a(Pt) | ||
| 072 | _aM12 | ||
| 090 | _aM12 BR0705168 | ||
| 100 | 1 | _aValle, R.P. | |
| 100 | 1 | _aProença, C.E.M. de | |
| 245 | 1 | _aEvolução e perspectivas da aqüicultura no Brasil | |
| 260 | 3 |
_aBrasilia, DF (Brasil): _c2000. |
|
| 500 | _aValenti, W.C.; Poli, C.R.; Pereira, J.A.; Borghetti, J.R. (eds.) Aquicultura no Brasil; bases para um desenvolvimento sustentável Brasilia, DF (Brasil): 2000. p. 383-399 (BR0705168-AM)M12 | ||
| 650 | _aAQUICULTURA | ||
| 773 | 0 |
_tAquicultura no Brasil; bases para um desenvolvimento sustentável _aValenti, W.C.; Poli, C.R.; Pereira, J.A.; Borghetti, J.R. (eds.). Conselho Nacional de Desenvolvimento Cientifico e Tecnologico, Brasilia, DF (Brasil) _wM12 BR0705168 _gBrasilia, DF (Brasil), 2000. p. 383-399 |
|
| 909 |
_a202404 _bLucia _c55 _dLucia Elande |
||
| 942 |
_cAM _2AGRIS |
||
| 999 |
_c327551 _d327551 |
||